000 01032nam a2200241 a 4500
001 000031467
005 20260424111843.0
008 110627s1976 dr r 000 0 spa d
040 _aDO-SdBNP
_bspa
_cBNPHU
082 _a340.153
_bR175j
100 1 _aRamos Fernández, César A.
_957862
245 1 0 _aJurisprudencia :
_brecopilación de artículos publicados sobre diversos temas jurídicos y comentarios de algunas decisiones de la Suprema Corte de Justicia /
_cCésar A. Ramos Fernández.
260 _aSanto Domingo :
_b[s.n.],
_c1976.
300 _a194 p. ;
_c22 cm.
500 _aIncluye índice del Código Civil Dominicano.
590 _aInventariado, 2018/BT
650 0 _aJurisprudencia,
_xRecopilaciones, repertorios, etc.
_924052
650 4 _aJurisprudencia
_zRepública Dominicana
_921317
650 4 _aSentencias
_zRepública Dominicana
_919124
650 4 _aLeyes
_zRepública Dominicana
_93033
710 2 _aRepública Dominicana.
_bSuprema Corte de Justicia.
_97906
910 _aValidado. Control de calidad. EMS
999 _c30959
_d30959